000 00414nam a2200169Ia 4500
003 LK-CoDNM
008 010623t1953 xxu||||| |||| 00| 1 eng d
040 _aLK-CoDNM
_dLK-CoDNM
_eLK-CoDNM
041 _aeng
080 _a781.9
_bWOL
100 _aWolff,P.
245 _aLa Musique Contemporaine
260 _bFernand Nathan
_aParis
_c1953
300 _bXXVp., 21 cm
650 _aHistory of Music
942 _cBK
999 _c102904
_d102904